|
|
|
|
| LEADER |
00000nam1a2200000 4500 |
| 001 |
252923 |
| 005 |
20240808155109.0 |
| 035 |
|
|
|a (RuTPU)RU\TPU\book\275289
|
| 090 |
|
|
|a 252923
|
| 100 |
|
|
|a 20140306d1934 m y0rusy50 ca
|
| 101 |
0 |
|
|a rus
|
| 102 |
|
|
|a RU
|
| 200 |
1 |
|
|a Переписка с Н. Ф. фон Мекк (1876-1890)
|e в 3-х тт.
|f П. И. Чайковский
|g ред. и прим. В. А. Жданова, Н. Т. Жегина
|
| 210 |
|
|
|a Москва
|a Ленинград
|c Academia
|d 1934-1936
|
| 225 |
1 |
|
|a Труды Дома-Музея П. И. Чайковского
|
| 225 |
1 |
|
|a Музыка. Под общей ред. А. К. Дживелегова
|
| 600 |
|
1 |
|a Чайковский
|g Петр Ильич
|b П. И.
|c русский композитор
|f 1840-1893
|2 stltpush
|3 (RuTPU)RU\TPU\pers\1137
|
| 600 |
|
1 |
|a Мекк
|b Н. Ф. фон
|c русская меценатка, жена железнодорожного магната Карла Фёдоровича фон Мекка, покровительница молодых музыкантов
|c урождённая Фраловская
|f 1831-1890
|g Надежда Филаретовна
|2 stltpush
|3 (RuTPU)RU\TPU\pers\18615
|9 6915
|
| 700 |
|
1 |
|a Чайковский
|b П. И.
|c русский композитор
|f 1840-1893
|g Петр Ильич
|2 stltpush
|3 (RuTPU)RU\TPU\pers\1137
|9 515
|
| 702 |
|
1 |
|a Жданов
|b В. А.
|4 340
|
| 702 |
|
1 |
|a Жегин
|b Н. Т.
|4 340
|
| 801 |
|
1 |
|a RU
|b 63413507
|c 20140306
|
| 801 |
|
2 |
|a RU
|b 63413507
|c 20140619
|g RCR
|
| 942 |
|
|
|c BK
|